[Event "NOR-ch Elite 2017"]
[Site "Stavanger"]
[Date "2017.07.05"]
[Round "6"]
[White "Tari, Aryan"]
[Black "Agdestein, Simen"]
[Result "1/2-1/2"]
[WhiteElo "2595"]
[BlackElo "2604"]
[Annotator "TA"]
[PlyCount "215"]
[EventDate "2017.??.??"]
[EventType "swiss"]
[EventCountry "NOR"]
[SourceTitle "playchess.com"]
[Source "ChessBase"]
[SourceQuality "1"]

{[%evp 9,215,18,14,19,27,16,23,16,23,31,28,27,31,28,24,9,4,8,22,0,0,0,2,0,0,0,0,0,0,0,0,0,0,0,0,0,0,-23,-22,-29,-29,-34,-25,-25,-29,-31,-22,-37,-18,-18,-21,-25,-17,-23,-4,-2,-7,-7,-6,-20,-7,-35,0,0,0,0,0,0,0,0,0,0,0,0,0,-21,-21,-32,-52,-220,-133,-616,-1693,-1516,-1347,-1348,-1349,-4690,-2832,-12836,-12836,-12830,-21,-23,-37,-321,-111,-12843,-12843,-12844,-12842,-12842,-12838,-12837,-12838,-12842,-12838,-12838,-12838,-12840,-12840,-12841,-12841,-12841,-12842,-12842,-12827,-10632,0,0,0,0,0,0,0,0,0,0,0,0,0,0,0,0,0,0,0,0,0,0,0,0,0,0,0,0,0,0,0,0,0,0,0,0,0,0,0,0,0,0,0,0,0,0,0,0,0,0,0,0,0,0,0,0,0,0,0,0,0,0,0,0,0,0,0,0,0,0,0,0,0,0,0,0,0,0,0,0,0,0,0,0,0,0,0,0,0,0]} 1. e4 c5 2. Nf3 d6 3. Bb5+ Bd7 4. c4 e5 5. Bxd7+ Qxd7 6. Nc3 {B52: Sicilian: Moscow Variation with 3...Bd7} Be7 (6... Nc6 7. d3 Be7 8. a3 Bd8 9. O-O Nge7 10. b4 cxb4 11. axb4 Nxb4 12. Ba3 Nbc6 13. d4 exd4 14. Nxd4 Nxd4 15. Qxd4 {0-1 (38) Bacrot,E (2708)-Carlsen,M (2832) Paris 2017}) 7. a3 Nc6 8. O-O {White has an edge.} Bd8 $146 ({Predecessor:} 8... a5 9. d3 Bd8 10. Nd5 Nge7 11. Rb1 O-O 12. Bd2 f5 13. b4 axb4 14. axb4 {1-0 (23) Muzychuk,A (2566)-Ju,W (2514) Beijing 2013}) 9. b4 Nge7 10. Rb1 O-O 11. d3 f5 12. bxc5 dxc5 13. Nd5 Ba5 14. Bb2 Ng6 15. Ng5 h6 16. exf5 Qxf5 17. Ne4 b6 $1 18. Ne3 Qf7 19. g3 Rad8 20. Qe2 Nd4 21. Bxd4 $1 exd4 22. Nd5 Qf3 $1 {[%cal Rf3e2]} 23. Qxf3 Rxf3 24. Rb5 $1 Rxd3 25. Nxc5 $1 Rxa3 ({Don't play} 25... bxc5 26. Rxa5 Ne5 27. Rxc5 $14) 26. Ne6 Rd7 27. Nxd4 Ne5 28. Nc2 Ra4 (28... Ra2 $5 {[%cal Ra7a6]} 29. Nde3 Bc3 $11) 29. Nxb6 $1 Bxb6 30. Rxe5 Rxc4 31. Ne3 Rc5 (31... Rc3 {with more complications.} 32. Kg2 a5 33. Ra1 Rd2 34. Kh3 Rxf2 35. Nd5 Rb3) 32. Rxc5 Bxc5 $11 {[%mdl 4096] Endgame KRB-KRN} 33. Rc1 Bb6 34. h4 Kf7 35. Rc2 Bxe3 36. fxe3 $15 {KR-KR} a5 37. Rc4 Ra7 38. Ra4 $1 Ke6 39. e4 $1 Kd6 40. Kf2 Kc5 41. Ke3 Kb5 42. Ra1 a4 {next ...Kc5 is good for Black.} 43. Kd4 Kc6 44. Ke5 $2 (44. Ra3 $1 $15) 44... Kd7 45. Kf5 $2 {[%mdl 8192]} (45. Ra3 $17) 45... a3 $19 46. Ra2 Ke7 47. e5 Ra6 48. e6 h5 49. Kg6 Kxe6 50. Kxh5 Kd5 $2 ({Better is} 50... Kf5 $19 {[%csl Gg7][%cal Ra6h6]} 51. g4+ Kf4 52. Rf2+ Ke4) 51. g4 $1 $11 {[%cal Bg3g4,Bg4g5][%mdl 32]} Kc4 52. g5 $1 Kb3 $2 (52... Kd3 $19 53. Ra1 Kd4) 53. Rg2 $2 {[%mdl 8192]} (53. Ra1 $17 Kb2 54. Rg1) 53... a2 $19 54. Rg1 Rb6 55. Rf1 Kb2 56. Rf2+ {[#]} Ka3 $1 57. Rf1 Kb3 58. Rf3+ Ka4 59. Rf1 Rc6 60. Rf7 Ka5 ({Less strong is} 60... g6+ 61. Kh6 $17) 61. Rf1 Kb4 62. Re1 Kc3 63. Rc1+ Kb2 $2 (63... Kd3 $19 64. Rxc6 a1=Q) 64. Rxc6 $11 {The position is equal.} a1=Q {KQ-KR} 65. Kg6 Qa4 66. Re6 Qd7 (66... Qxh4 $2 67. Re7 $19) 67. Re2+ Kc3 68. Rf2 Qd4 69. Rf7 Qxh4 70. Rxg7 Qe4+ 71. Kf6 Qc6+ 72. Kf5 Qd5+ 73. Kf6 Qd6+ 74. Kf5 Qf8+ 75. Kg6 Kd4 76. Rf7 Qg8+ 77. Kf6 Qd8+ 78. Kf5 Qd5+ 79. Kg6 Qe6+ 80. Rf6 Qg8+ 81. Kf5 Qh7+ (81... Qa2 {seems wilder.} 82. Kg6 Qb1+ 83. Kh6 Qh1+ 84. Kg6 Qb1+) 82. Kg4 Ke5 83. Rf8 Qe4+ (83... Qb1 $5 {[%cal Rb1b4]} 84. Rf6 Qd1+ 85. Kh4 Qh1+ 86. Kg4 Qd1+ 87. Kh4 Qe2 $19) 84. Kh5 Qb4 (84... Qb1 {looks sharper.} 85. Kh6 Qh1+ 86. Kg6 Qg2 87. Rf5+ Kd6) 85. Rf6 Qb8 86. Kg4 Qc8+ 87. Kh4 Qd7 88. Rf8 $1 Qa4+ 89. Kh5 Qa3 90. Rf6 Qh3+ 91. Kg6 Qh8 92. Rf2 Ke4 {[#] aiming for ...Qc8.} 93. Rf6 Ke3 94. Rf5 Qg8+ 95. Kh6 Ke4 (95... Qa2 {is interesting.} 96. Rf6 Qh2+ 97. Kg6 Ke4 98. Rf5 Qg1) 96. Rf6 $1 Ke5 97. Rf2 $1 Qc4 {( -> ...Qh4+)} 98. Rf6 Qg4 99. Kg6 Qh3 100. Rf8 Ke6 {White must now prevent ...Qg3.} 101. Rf6+ Ke7 {And now ...Qd3+ would win.} 102. Rf7+ Ke8 {Strongly threatening ...Qb3.} 103. Rf6 Qd3+ 104. Kh6 Ke7 {Hoping for ...Qd8.} 105. Kh5 Qh7+ 106. Kg4 Qh2 {...Qh7 is the strong threat.} 107. Kf5 Qc2+ 108. Kg4 {Precision: White = 60%, Black = 53%.} 1/2-1/2

[Event "NOR-ch Elite 2017"]
[Site "Stavanger"]
[Date "2017.07.05"]
[Round "6"]
[White "Lie, Kjetil A"]
[Black "Urkedal, Frode"]
[Result "1/2-1/2"]
[WhiteElo "2539"]
[BlackElo "2543"]
[Annotator "TA"]
[PlyCount "128"]
[EventDate "2017.??.??"]
[EventType "swiss"]
[EventCountry "NOR"]
[SourceTitle "playchess.com"]
[Source "ChessBase"]
[SourceQuality "1"]

{[%evp 18,128,-14,-17,-9,-5,-13,-12,-3,-3,-3,-11,-5,-22,0,0,0,0,0,-4,0,-4,0,-10,-13,-23,0,-60,-18,-71,-68,-86,-85,-100,-100,-100,-100,-100,-100,-115,-89,-92,-66,-58,-61,-118,-118,-163,-151,-195,0,-115,-115,-117,-117,-117,-118,-139,-118,-145,-145,-145,-148,-148,-95,-95,-25,-25,-25,-25,-25,-25,-13,-25,-13,-25,-25,-25,-11,-25,-25,-25,-25,-25,-25,-25,-25,-30,-30,-30,0,-25,-25,-25,0,0,0,0,0,0,0,0,0,0,0,0,0,0,0,0,0,0,0]} 1. d4 Nf6 2. Bf4 e6 3. e3 d5 4. Nd2 Bd6 5. Bg3 O-O 6. c3 c5 7. Ngf3 Qc7 8. Bd3 Nbd7 9. Bxd6 {D02: 1 d4 d5 2 Nf3 sidelines, including 2...Nf6 3 g3 and 2...Nf6 3 Bf4} Qxd6 10. O-O {LiveBook: 3 Games} e5 11. e4 (11. Nxe5 {feels hotter.} Nxe5 12. dxe5 Qxe5 13. Qc2 Re8 14. Nf3) 11... exd4 12. cxd4 {[#] And now e5 would win.} dxe4 $146 ({Predecessor:} 12... cxd4 13. Re1 Nc5 14. e5 Qb6 15. Qc2 Nxd3 16. Qxd3 Ne4 17. Nxe4 {1-0 (54) Rambaldi,F (2544)-Studer,N (2462) Biel 2016}) 13. Nxe4 Nxe4 14. Bxe4 Nf6 15. Qc2 c4 16. Rfe1 Nxe4 17. Qxe4 h6 18. d5 b5 19. a4 Bb7 20. Rad1 Rad8 {[%cal Rb7d5]} 21. axb5 Qc5 22. Rd4 (22. Qe5 $11) 22... Qxb5 {[%cal Rb7d5]} 23. Red1 (23. Qc2 $11) 23... Rfe8 $17 24. Qf5 g6 25. Qf6 Rxd5 26. Rxd5 Bxd5 27. h4 Bxf3 28. gxf3 {[%mdl 4096] Endgame KQR-KQR} a5 29. Kg2 Qe5 30. Qc6 $1 Rb8 31. Qxc4 ({Better is} 31. Rd5 $1 $15 Qf4 32. h5 gxh5 33. Rxh5) 31... Rxb2 32. Rd8+ Kg7 33. Qc8 Rb4 $2 (33... Qf6 $19 {Threatens to win with ...a4.} 34. Rg8+ Kh7) 34. Rh8 (34. Re8 $1 $11 Rc4 35. Qxc4 Qxe8 36. Qc3+ Kg8 37. Qxa5) 34... Rxh4 35. Qf8+ Kf6 {( -> ...Qg5+)} 36. Qd8+ {[#]} Qe7 $1 {[%cal Re7d8] White must now prevent ...Qxd8.} 37. Qxa5 Rh5 38. Qc3+ Qe5 39. Qxe5+ Kxe5 {KR-KR} 40. Rh7 Kf6 (40... f5 $142 41. Kf1 Rh4) 41. f4 Rf5 ({Black should play} 41... Rh4 $17 {next ...Rg4+ is good for Black.} 42. Kg3 Rh5) 42. Rxh6 $11 Rxf4 43. Rh8 Kg5 44. Rb8 Ra4 45. Rb5+ f5 46. Rb6 Kh5 47. Rf6 Ra5 48. Rf8 Kg4 49. Rb8 Ra2 50. Rb6 g5 51. Rb4+ f4 52. Rc4 Re2 53. Ra4 Kf5 54. Ra5+ (54. Kf3 $5 {[%cal Rf3e2]} Re1 55. Kg2 $17) 54... Re5 55. Ra8 g4 56. Rf8+ {The position is equal.} Kg5 57. Rg8+ Kh4 58. Rf8 f3+ 59. Kh2 Re1 60. Rh8+ Kg5 61. Rg8+ Kf5 62. Rf8+ $1 Kg6 63. Rg8+ $1 Kf5 64. Rf8+ $1 Kg6 {Precision: White = 54%, Black = 58%.} 1/2-1/2

[Event "NOR-ch Elite 2017"]
[Site "Stavanger"]
[Date "2017.07.05"]
[Round "6"]
[White "Lie, Espen"]
[Black "Holm, Kristian Stuvik"]
[Result "1/2-1/2"]
[WhiteElo "2462"]
[BlackElo "2403"]
[Annotator "TA"]
[PlyCount "40"]
[EventDate "2017.??.??"]
[EventType "swiss"]
[EventCountry "NOR"]
[SourceTitle "playchess.com"]
[Source "ChessBase"]
[SourceQuality "1"]

{[%evp 18,40,5,1,8,0,0,0,0,0,0,-13,-13,-19,-12,-14,-2,-18,0,0,0,0,-3,-23,-6]} 1. c4 e6 2. Nf3 d5 3. e3 Nf6 4. b3 Be7 5. Bb2 O-O 6. Be2 c5 7. O-O Nc6 8. d4 cxd4 9. Nxd4 Nxd4 10. Qxd4 dxc4 {A13: English Opening: 1...e6} 11. Qxc4 Bd7 12. Rd1 (12. Bf3 Rc8 13. Qe2 Bc6 14. e4 Qa5 15. Nc3 Ba3 16. Bxa3 Qxa3 17. Qe3 Nd7 18. Rfd1 {½-½ (90) Hayrapetyan,H (2480)-Guo,Q (2435) Moscow 2016}) 12... Qa5 $146 {The position is equal.} 13. Nd2 Rfd8 14. Bc3 Qf5 {[#] Threatens to win with ...Rac8.} 15. Qd3 Qxd3 16. Bxd3 Nd5 17. Bb2 Nb4 18. Be4 Bc6 19. Bxc6 Nxc6 20. Nc4 f6 {Precision: White = 57%, Black = 64%.} 1/2-1/2

[Event "NOR-ch Elite 2017"]
[Site "Stavanger"]
[Date "2017.07.05"]
[Round "6"]
[White "Hauge, Lars Oskar"]
[Black "Aulin-Jansson, Joran"]
[Result "1-0"]
[WhiteElo "2439"]
[BlackElo "2267"]
[Annotator "TA"]
[PlyCount "83"]
[EventDate "2017.??.??"]
[EventType "swiss"]
[EventCountry "NOR"]
[SourceTitle "playchess.com"]
[Source "ChessBase"]
[SourceQuality "1"]

{[%evp 9,83,4,12,0,0,0,9,0,0,7,0,8,68,68,54,5,5,0,5,4,7,0,8,5,12,13,33,0,0,0,0,0,0,0,-5,-2,-4,-10,18,4,75,70,62,51,76,86,87,85,87,87,110,105,116,114,186,182,252,108,233,245,473,438,603,579,581,580,582,577,802,711,885,864,1150,1150,1144,1125]} 1. d4 Nf6 2. Bg5 d5 3. e3 Bf5 4. Nf3 Nbd7 5. Be2 (5. c4 c6 6. Nc3 e6 7. Qb3 Qb6 8. c5 Qxb3 9. axb3 a6 10. b4 Rc8 11. Be2 Be7 12. O-O O-O {½-½ (12) Nadj Hedjesi,B (2400)-Ilincic,Z (2407) Kecskemet 2015}) 5... h6 6. Bh4 {D03: 1 d4 d5 2 Nf3 Nf6 3 Bg5, including Torre Attack with early ...d5} (6. Bxf6 $5 Nxf6 7. Bd3 Bxd3 8. Qxd3 $11 (8. cxd3 e6 $11)) 6... e6 7. O-O Be7 8. c4 {The position is equal.} dxc4 $146 ({Predecessor:} 8... O-O 9. Nc3 c6 10. c5 Ne4 11. Bxe7 Qxe7 12. Rc1 {1-0 (59) Peredy,F (2252)-Ferencz,I (2072) Hungary 2010}) 9. Bxc4 O-O 10. Qb3 Ne4 ({Black should play} 10... g5 $11 11. Bg3 a5) 11. Bxe7 $14 Qxe7 12. Nc3 c5 13. Rfd1 Nxc3 14. bxc3 Be4 15. Nd2 Bc6 16. a4 Rfd8 (16... Rac8 {keeps more tension.} 17. a5 Nf6 18. Qa3 Rfd8 19. Be2 Ne4) 17. Bb5 cxd4 18. Bxc6 (18. cxd4 {is more complex.} Bd5 19. Qb2 Nf6 20. Bd3 Rac8 21. a5) 18... bxc6 19. cxd4 Rab8 20. Qc3 c5 21. Nb3 {[%cal Rd4c5]} Rdc8 22. Rdc1 {[%cal Rd4c5]} c4 23. Nd2 Qb4 24. g3 (24. Nxc4 $2 Qxc3 25. Rxc3 Nb6 $19) 24... Qxc3 (24... a5 $11 {keeps the balance.}) 25. Rxc3 $16 Rb4 26. a5 $1 Nf6 27. Rac1 Ra4 28. Rxc4 Rcxc4 29. Nxc4 {[%mdl 4096] Endgame KRN-KRN} Ra2 30. f3 Nd5 31. e4 Nb4 {[#]} (31... Ne7 $16 {was called for.}) 32. Ne5 $1 $18 f6 (32... Rxa5 $142 33. Rc8+ Kh7 34. Nxf7 Nd3) 33. Rc8+ Kh7 {[#]} 34. Nd7 $1 e5 $2 (34... Ra1+ {was necessary.} 35. Kg2 Ra2+ 36. Kh3 h5) 35. d5 {White is clearly winning.} Rd2 36. Nf8+ Kg8 37. Ne6+ Kh7 38. Rc7 h5 39. Nxg7 Nc2 40. Nf5+ Kh8 41. d6 Ne1 42. Rc3 {Precision: White = 77%, Black = 44%.} 1-0

[Event "NOR-ch Elite 2017"]
[Site "Stavanger"]
[Date "2017.07.05"]
[Round "6"]
[White "Mihajlov, Sebastian"]
[Black "Gronn, Atle"]
[Result "0-1"]
[WhiteElo "2414"]
[BlackElo "2331"]
[Annotator "TA"]
[PlyCount "72"]
[EventDate "2017.??.??"]
[EventType "swiss"]
[EventCountry "NOR"]
[SourceTitle "playchess.com"]
[Source "ChessBase"]
[SourceQuality "1"]

{[%evp 10,72,15,0,48,6,24,17,20,15,2,4,8,0,0,9,24,-68,-66,-73,-70,-120,-34,-36,-19,-105,-25,-21,71,88,98,97,76,2,27,0,84,32,85,65,65,16,261,142,111,116,232,230,243,242,359,-77,-105,-242,-239,-231,-137,-270,-271,-267,-280,-437,-342,-429,-418]} 1. d4 e6 2. c4 f5 3. Nc3 Nf6 4. e3 b6 5. Bd3 Bb7 6. f3 g6 {A85: Dutch Defence: 2 c4 Nf6 3 Nc3} (6... c5 7. Nge2 Nc6 8. O-O Bd6 9. d5 Ne5 10. e4 fxe4 11. Nxe4 Nxe4 12. Bxe4 Qc7 13. Nc3 Nxc4 14. f4 O-O-O {1-0 (48) Laznicka,V (2679)-Vallejo Pons,F (2698) Dubai 2014}) 7. Nge2 Bg7 8. O-O c5 {The position is equal.} 9. d5 exd5 10. cxd5 O-O $146 ({Predecessor:} 10... Nxd5 11. Nxd5 Bxd5 12. Bxf5 {½-½ (31) Salwe,G-Fritz,A Duesseldorf 1908}) 11. e4 fxe4 12. fxe4 Ng4 {Threatens to win with ...c4!} 13. h3 (13. Bf4 $1 $11) 13... Rxf1+ $15 14. Qxf1 Ne5 15. Bc2 Ba6 (15... Na6 $17 16. a3 c4) 16. Qd1 Qh4 17. a4 (17. Bf4 $11) 17... d6 (17... Bxe2 $17 18. Qxe2 (18. Nxe2 Na6 $15) 18... Na6) 18. Nf4 $11 Qg3 (18... Bc8 $11 {keeps the balance.}) 19. Ne6 $1 $16 Nbd7 20. Bf4 Qh4 21. Nb5 (21. a5 $16) 21... Bxb5 $1 $11 22. axb5 {Strongly threatening Bg5.} (22. Bg5 $5 {[%cal Rg5h4]} Qh5 23. Qxh5 (23. axb5 Qxd1+ 24. Bxd1 Nf7 $14) 23... gxh5 24. axb5 $16) 22... Nc4 (22... Nf7 $11) 23. Qe2 (23. Qf1 $16 {Hoping for g3.} Nde5 24. Ra4) 23... Bd4+ (23... Bxb2 $14 24. Rf1 Nce5) 24. Kh2 {And now g3 would win.} Nde5 $1 25. Rf1 {aiming for Bg5.} Qe7 $2 {[#]} (25... Ne3 $1 $11 {and Black has nothing to worry.}) 26. Bg5 ({White must play} 26. b4 $1 $18) 26... Qd7 $16 27. Bb3 Qxb5 (27... Na5 $16) 28. Ba2 $18 Rc8 29. Bh6 $40 {[%mdl 128] White attacks with force.} a6 (29... Qxb2 $142 30. Bxc4 Qxe2 31. Bxe2 Bb2) 30. Kh1 $2 {[#]} ({Less strong is} 30. Rc1 Nxb2 31. Nxd4 Qxe2 $16) ({White should try} 30. Nxd4 $18 cxd4 31. Bxc4 Nxc4 32. Rc1) 30... Ne3 $1 $17 ({Worse is} 30... Nxb2 31. Nxd4 Qxe2 32. Nxe2 $16) 31. Qxb5 (31. Re1 $17 Nd3 32. Bxe3 Nxe1 33. Qxe1 Qxb2 34. Bc4) 31... axb5 $19 32. Re1 Nc2 (32... Nd3 $19 33. Rxe3 Bxe3 34. Bxe3 Ra8) 33. Rc1 (33. Re2 $17 Ra8 34. Rxc2 Rxa2 35. Nxd4 cxd4 36. Kh2) 33... Be3 34. Bxe3 Nxe3 35. Rc3 (35. Re1 {is a better defense.} N3c4 36. Bxc4 bxc4 37. Kg1) 35... N3c4 36. b3 Nd2 {Precision: White = 31%, Black = 39%.} 0-1

[Event "NOR-ch Elite 2017"]
[Site "Stavanger"]
[Date "2017.07.05"]
[Round "6"]
[White "Lovik, Lasse Ostebo"]
[Black "Fossan, Erik"]
[Result "0-1"]
[WhiteElo "2400"]
[BlackElo "2342"]
[Annotator "TA"]
[PlyCount "58"]
[EventDate "2017.??.??"]
[EventType "swiss"]
[EventCountry "NOR"]
[SourceTitle "playchess.com"]
[Source "ChessBase"]
[SourceQuality "1"]

{[%evp 14,58,0,-8,-22,-20,14,25,16,18,10,-13,-9,-15,-14,-22,-16,-41,-9,-165,-152,-150,-162,-289,-298,-317,-341,-328,0,0,0,-313,-327,-315,-320,-611,-629,-628,-608,-632,-620,-1212,-1231,-1221,-1153,-1729,-1714]} 1. Nf3 Nf6 2. c4 c5 3. Nc3 d5 4. cxd5 Nxd5 5. g3 Nc6 {[%cal Bb8c6,Bc6d4,Bd4c2][%mdl 32]} 6. Bg2 g6 7. d3 Bg7 8. Bd2 O-O {A34: Symmetrical English: 2 Nc3, lines with ...d5} 9. Qc1 (9. h4 h5 10. Rc1 b6 11. Ng5 e6 12. O-O Bb7 13. Nge4 Qd7 14. a3 Rac8 15. e3 Rfd8 16. Nxd5 exd5 {½-½ (57) Bacrot,E (2718)-Leko,P (2723) Beijing 2014}) 9... Nc7 10. Bh6 Nd4 $146 {White has an edge.} ({Predecessor:} 10... Bg4 11. Bxg7 Kxg7 12. h3 Bd7 13. h4 h5 14. Qe3 Ne6 15. O-O Ncd4 16. Ng5 {1-0 (30) Uhlmann,W (2470)-Tischbierek,R (2460) Jueterbog 1985}) 11. h4 Nc2+ 12. Kf1 {And now Bxg7 would win.} Nxa1 13. h5 $1 {[#] aiming for Bxg7.} g5 $1 14. Bxg7 (14. Qxg5 Ne6) 14... Kxg7 15. Qxg5+ Kh8 {Threatens to win with ...Nc2.} 16. Ne5 $2 (16. Qc1 $11 {and White is okay.}) 16... f6 $19 {[%cal Bf7f6,Bf6e5][%mdl 32]} 17. Ng6+ Kg7 18. h6+ (18. Qxc5 {was forced.} Ne6 19. Qxe7+ Qxe7 20. Nxe7) 18... Kf7 19. Ne5+ fxe5 20. Qh5+ Kg8 21. Qg5+ Kf7 {[%cal Bg8f7,Bf7e6,Be6d6,Bd6c6][%mdl 32]} 22. Qh5+ Ke6 23. Ne4 Nc2 24. Nxc5+ $2 {[#]} (24. Qg4+ Rf5 25. Kg1) 24... Kd6 {Black is clearly winning.} 25. Ne4+ Kc6 26. Nd2+ Nd5 27. Rh4 Nce3+ 28. Kg1 Rf5 29. Bxd5+ Qxd5 0-1

[Event "NOR-ch Elite 2017"]
[Site "Stavanger"]
[Date "2017.07.05"]
[Round "6"]
[White "Gandrud, Vegar Koi"]
[Black "Elsness, Frode"]
[Result "0-1"]
[WhiteElo "2330"]
[BlackElo "2450"]
[Annotator "TA"]
[PlyCount "164"]
[EventDate "2017.??.??"]
[EventType "swiss"]
[EventCountry "NOR"]
[SourceTitle "playchess.com"]
[Source "ChessBase"]
[SourceQuality "1"]

{[%evp 17,164,12,16,0,0,0,0,0,9,-50,-53,-39,-45,-59,-34,-33,-4,-11,-19,-40,12,16,14,-31,-29,-78,-16,-42,0,0,0,0,0,0,0,0,0,0,0,0,0,0,0,-14,0,-14,-12,-67,-64,-61,-63,-63,-18,-29,-26,-18,-18,-18,-18,-18,-18,-18,-18,-22,-22,-22,-23,-58,-31,-31,-31,-31,-31,-43,-56,-53,-54,-66,-77,-102,-31,-32,0,-97,-45,-78,-31,-31,-31,-38,-31,-56,0,0,0,0,0,-10,0,-10,-10,-10,-10,-52,-50,-158,-97,-276,-245,-308,-296,-462,-202,-460,-449,-426,-424,-642,-633,-597,-589,-12841,-12841,-12843,-12841,-12845,-12843,-12845,-12846,-12847,-12847,-12848,-12848,-12849,-12849,-12850,-12849,-12850,-12851,-12851,-12851,-12851,-12851,-12851,-12851,-12851,-12851,-12851,-29973]} 1. d4 Nf6 2. c4 e6 3. Nf3 d5 4. Nc3 Bb4 5. Qa4+ Nc6 6. e3 O-O 7. Qc2 {D38: Queen's Gambit Declined: Ragozin Defence (4 Nf3 Bb4)} Re8 8. Bd2 a6 9. a3 Bd6 {LiveBook: 11 Games} 10. c5 $146 ({Predecessor:} 10. h3 Bd7 11. cxd5 exd5 12. Bd3 Na7 13. Qb3 c6 14. Qxb7 Nb5 15. Nxb5 axb5 16. Ne5 Rb8 17. Qa6 Ra8 18. Qb7 Rb8 19. Qa6 Ra8 {½-½ (19) Karjakin,S (2773)-Carlsen,M (2855) Bilbao 2016}) 10... Bf8 11. b4 e5 12. dxe5 Nxe5 13. Be2 ({Better is} 13. Nxe5 $11 Rxe5 14. Bd3) 13... Nxf3+ $15 14. Bxf3 d4 15. Nd1 Ng4 (15... a5 $5 16. bxa5 d3 $17) 16. O-O Ne5 17. Be4 d3 18. Qb3 Qh4 (18... Be6 $15 19. Qb1 Bd5 20. Bxd5 Qxd5) 19. f3 $11 ({Avoid the trap} 19. Bxd3 $2 Rd8 $19) 19... g6 20. g3 Qh5 21. Nb2 Rd8 (21... Be6 $17 22. Qd1 Bg7) 22. Bc3 Bh6 23. Bd4 $1 Rxd4 24. exd4 Be3+ 25. Kh1 Bxd4 26. Nxd3 Be6 $36 {[%mdl 2048] Black has good play.} 27. Qc2 {Threatens to win with Nf4.} Nxd3 $1 ({Much weaker is} 27... Bxa1 $6 28. Nf4 $16) 28. Qxd3 Bxa1 29. Rxa1 c6 30. f4 Re8 31. Rf1 Bh3 32. Rc1 (32. Ra1 $11) 32... Qg4 $1 $15 33. Kg1 Qe6 34. Bg2 Bf5 35. Qd2 $1 Bg4 36. Rc3 Qe1+ 37. Qxe1 Rxe1+ $11 {[%mdl 4096] Endgame KRB-KRB} 38. Kf2 Re2+ 39. Kf1 Ra2 40. Re3 Kf8 41. h3 Be6 42. g4 Rd2 (42... a5 $5) 43. Be4 Kg7 44. Ke1 Rh2 45. Bd3 h5 46. Be2 h4 47. Kf1 {aiming for Kg1.} Bd5 48. Kg1 Rg2+ (48... Rh1+ $1 $17 49. Kf2 Kf6) 49. Kf1 $15 Rh2 (49... Kg8 $15) 50. Kg1 $1 $17 {[%cal Rg1h2] [#]} Rh1+ $1 51. Kf2 Ra1 52. Rc3 Kf8 53. Bf3 Ra2+ 54. Ke3 {White wants to play Bxd5.} Bxf3 (54... Be6 {seems wilder.} 55. f5 gxf5 56. gxf5 Bxf5 57. Kf4 Bxh3 58. Bxc6 Bc8) 55. Kxf3 $15 {KR-KR} f5 56. gxf5 gxf5 {White must now prevent ...Rh2.} 57. Ke3 Kf7 58. Kd4 Kf6 59. Rf3 Re2 60. Kd3 Re4 61. Rf2 {[#]} (61. Kd2 $15) 61... Ke6 $1 $17 62. Rf3 $2 (62. Rg2 $17) 62... Kd5 $19 63. Rf1 {[#]} a5 $1 {[%mdl 512]} 64. Rb1 (64. bxa5 $142 Ra4 65. Ra1) 64... Rd4+ (64... Rxf4 $142 65. Ke3 Re4+ 66. Kf3 axb4 67. axb4 Kc4) 65. Kc3 $2 (65. Ke3 {was forced.}) 65... Rc4+ {Black is clearly winning.} 66. Kd3 Rxf4 67. bxa5 (67. Ke3 $142 Re4+ 68. Kf2) 67... Rf3+ 68. Ke2 Rxh3 69. Rxb7 Rxa3 70. Rf7 Ke4 71. Rh7 h3 {[%cal Bh4h3,Bh3h2][%mdl 32]} 72. a6 h2 73. Kf1 Rxa6 74. Kg2 Ra2+ 75. Kh1 Ra1+ 76. Kxh2 Rc1 77. Kg3 Rxc5 78. Re7+ Re5 79. Rc7 c5 {[%cal Bc6c5,Bc5c4][%mdl 32]} 80. Kf2 Kd3 81. Kf3 c4 82. Kf4 Rd5 {Precision: White = 41%, Black = 64%.} 0-1

[Event "NOR-ch Elite 2017"]
[Site "Stavanger"]
[Date "2017.07.05"]
[Round "6"]
[White "Moen, Andreas"]
[Black "Arvola, Benjamin"]
[Result "0-1"]
[WhiteElo "2329"]
[BlackElo "2469"]
[Annotator "TA"]
[PlyCount "114"]
[EventDate "2017.??.??"]
[EventType "swiss"]
[EventCountry "NOR"]
[SourceTitle "playchess.com"]
[Source "ChessBase"]
[SourceQuality "1"]

{[%evp 24,114,16,8,8,8,12,8,11,5,11,4,21,21,25,10,14,0,0,-16,-14,-33,0,0,0,0,0,0,0,-110,-99,-113,-104,-115,-57,-101,-80,-83,-74,-62,-65,-80,-80,-142,-138,-141,-145,-151,-153,-161,-161,-160,-160,-171,-162,-162,-154,-226,-227,-218,-200,-227,-212,-210,-223,-261,-219,-381,-369,-415,-404,-505,-510,-500,-475,-664,-632,-918,-915,-898,-895,-873,-843,-1043,-1048,-29976,-29977,-29980,-12839,-2775,-1532,-2450,-2096]} 1. e4 e5 2. Nf3 Nc6 3. Bb5 Nf6 4. O-O Nxe4 5. Re1 Nd6 6. Nxe5 Be7 7. Bf1 Nxe5 8. Rxe5 O-O 9. d4 Bf6 10. Re1 Re8 {C67: Ruy Lopez: Berlin Defence: 4 0-0 Nxe4} 11. Rxe8+ (11. Bf4 Rxe1 12. Qxe1 Ne8 13. Nc3 Bxd4 14. Nd5 d6 15. Bg5 f6 16. Bh4 Bxb2 17. Rb1 Be5 18. f4 {½-½ (33) Karjakin,S (2781)-Anand,V (2786) Stavanger 2017}) 11... Nxe8 12. Bf4 d5 13. c3 {LiveBook: 9 Games} g6 14. Nd2 $146 ({Predecessor:} 14. Bd3 Ng7 15. Na3 Ne6 16. Bg3 h5 17. h3 c5 18. dxc5 Nxc5 {½-½ (31) Halvax,G (2313)-Schreiner,P (2460) Feistritz an der Drau 2014}) 14... Ng7 15. Nf3 c6 16. h3 Bf5 17. Qd2 Qa5 18. g4 Be6 19. Be5 Bxe5 20. dxe5 Bd7 21. Bd3 Ne6 22. Qh6 Qa4 23. Ng5 Nf8 24. Re1 {next Nxf7 is good for White.} Qf4 25. Re3 $1 {[%cal Re3f3] [#] Threatens to win with Rf3.} Be6 $1 26. Rf3 (26. Bf5 $11 gxf5 27. gxf5 Qxf5 28. Rg3) 26... Qxe5 $17 27. Re3 Qg7 28. Qh4 Re8 (28... d4 $17 29. cxd4 Qxd4) 29. Qg3 Qf6 (29... d4 {is interesting.} 30. cxd4 Qxd4 31. Qc7 Qd8 32. Qe5 Nd7) 30. Nf3 Bd7 31. Rxe8 Bxe8 32. g5 Qe7 (32... Qe6 {keeps more tension.} 33. Ne5 f6 34. gxf6 Qxf6 35. Ng4 Qe7) 33. Qe5 (33. h4 $142) 33... Qxe5 34. Nxe5 {[%mdl 4096] Endgame KBN-KBN} Kg7 35. h4 f6 36. Nf3 Ne6 37. Kh2 c5 38. Bf1 Bc6 39. Kg3 d4 40. Bc4 (40. cxd4 $17 Bxf3 41. Kxf3) 40... dxc3 $19 41. bxc3 Nc7 42. Nd2 b5 43. Bd3 c4 44. Bc2 Kf7 45. f4 $2 {[#]} (45. gxf6 Nd5 46. Be4) 45... f5 46. h5 Nd5 47. Nf3 Be8 48. a4 a6 49. h6 Nxc3 50. a5 Ne2+ 51. Kf2 Nxf4 52. Ke3 Ne6 53. Ne5+ Ke7 54. Bxf5 gxf5 55. g6 f4+ (55... Bxg6 $142 56. Nxg6+ Kf6 57. Nh4 f4+ 58. Kd2 Ke5 59. Nf3+ Ke4 60. Ng1 b4 61. Nh3 c3+ 62. Kc2 Nd4+ 63. Kd1 Ke3 64. Nxf4 Kxf4 65. Kc1 Ke3 66. Kd1 b3 67. Ke1 b2 68. Kf1 Kf3 69. Kg1 Kg3 70. Kh1 b1=Q#) 56. Kd2 Ng5 57. g7 Ne4+ {Precision: White = 37%, Black = 74%.} 0-1